[Event "49th Rilton Cup 2019-20"]
[Site "Stockholm"]
[Date "2019.12.29"]
[Round "3.23"]
[White "Ivanov, Sergey"]
[Black "Ajay Krishna, S."]
[Result "0-1"]
[WhiteElo "2478"]
[BlackElo "2302"]
[Annotator "ChessBase"]
[PlyCount "108"]
[EventDate "2019.12.27"]
[EventType "swiss"]
[EventCountry "SWE"]
[SourceTitle "playchess.com"]
[Source "ChessBase"]
[SourceQuality "1"]
[TimeControl "40/5400+30:1800+30"]

1. d4 {[%emt 0:00:00]} d5 {[%emt 0:00:00]} 2. c4 {[%emt 0:00:30]} e6 {[%emt 0:00:30]} 3. Nc3 {[%emt 0:00:30]} Bb4 {[%emt 0:00:30]} 4. a3 {[%emt 0:00:37]} Bxc3+ {[%emt 0:00:30]} 5. bxc3 {[%emt 0:00:30]} c6 {[%emt 0:02:08]} 6. e3 {[%emt 0:01:55]} Nf6 {[%emt 0:00:30]} 7. cxd5 {[%emt 0:01:03]} cxd5 {[%emt 0:00:30]} 8. c4 {[%emt 0:01:15]} O-O {[%emt 0:02:07]} 9. Nf3 {[%emt 0:02:20]} b6 {[%emt 0:01:45]} 10. Bb2 {[%emt 0:05:27]} Ba6 {[%emt 0:03:37]} 11. Rc1 {[%emt 0:01:23]} Nbd7 {[%emt 0:10:24]} 12. cxd5 {[%emt 0:17:06]} Bxf1 {[%emt 0:00:30]} 13. Kxf1 {[%emt 0:00:30]} exd5 {[%emt 0:00:56]} 14. Qd3 {[%emt 0:02:02]} Ne4 {[%emt 0:01:18]} 15. a4 {[%emt 0:01:35]} Qf6 {[%emt 0:08:22]} 16. Qb5 {[%emt 0:03:29]} Qf5 {[%emt 0:00:30]} 17. Ke2 {[%emt 0:03:25]} Ndf6 {[%emt 0:03:42]} 18. h3 {[%emt 0:02:07]} h5 {[%emt 0:03:50]} 19. Rc7 {[%emt 0:04:56]} Rfe8 {[%emt 0:04:28]} 20. Qd3 {[%emt 0:14:46]} a6 {[%emt 0:08:44]} 21. Rhc1 {[%emt 0:07:01]} g5 {[%emt 0:10:31]} 22. R1c6 {[%emt 0:00:56]} g4 {[%emt 0:02:00]} 23. Rxb6 {[%emt 0:00:42]} gxf3+ {[%emt 0:01:30]} 24. gxf3 {[%emt 0:00:30]} Qxh3 {[%emt 0:00:37]} 25. fxe4 {[%emt 0:00:33]} Nxe4 {[%emt 0:00:50]} 26. Rbb7 {[%emt 0:02:43]} Qg4+ {[%emt 0:01:37]} 27. Ke1 {[%emt 0:03:47]} Nd6 {[%emt 0:04:17]} 28. Rb6 {[%emt 0:02:03]} Rab8 {[%emt 0:04:11]} 29. a5 {[%emt 0:02:56]} h4 {[%emt 0:08:47]} 30. Qe2 {[%emt 0:00:47]} Qxe2+ {[%emt 0:00:53]} 31. Kxe2 {[%emt 0:00:30]} Nc4 {[%emt 0:00:30]} 32. Rxb8 {[%emt 0:04:19]} Rxb8 {[%emt 0:00:30]} 33. Bc3 {[%emt 0:00:30]} h3 {[%emt 0:01:14]} 34. Kf3 {[%emt 0:00:51]} Rb3 {[%emt 0:00:30]} 35. Rc6 {[%emt 0:05:07]} Rxc3 {[%emt 0:00:30]} 36. Rxa6 {[%emt 0:00:30]} Ra3 {[%emt 0:02:09]} 37. Ra8+ {[%emt 0:00:30]} Kg7 {[%emt 0:00:30]} 38. a6 {[%emt 0:00:30]} Nd2+ {[%emt 0:00:49]} 39. Kg3 {[%emt 0:00:30]} Ne4+ {[%emt 0:00:45]} 40. Kxh3 {[%emt 0:00:30]} Nxf2+ {[%emt 0:00:30]} 41. Kg3 {[%emt 0:31:07]} Nd1 {[%emt 0:30:33]} 42. Kf4 {[%emt 0:01:20]} Nxe3 {[%emt 0:00:49]} 43. a7 {[%emt 0:01:33]} Nc4 {[%emt 0:00:30]} 44. Kf5 {[%emt 0:02:36]} Ra5 {[%emt 0:00:30]} 45. Kg5 {[%emt 0:01:33]} Na3 {[%emt 0:01:06]} 46. Rd8 {[%emt 0:01:47]} Rxa7 {[%emt 0:00:30]} 47. Rxd5 {[%emt 0:00:30]} Nc2 {[%emt 0:01:49]} 48. Rd8 {[%emt 0:00:30]} Ra4 {[%emt 0:02:21]} 49. d5 {[%emt 0:00:30]} Ne3 {[%emt 0:00:32]} 50. d6 {[%emt 0:00:30]} Rg4+ {[%emt 0:02:19]} 51. Kh5 {[%emt 0:00:30]} Kf6 {[%emt 0:00:59]} 52. Re8 {[%emt 0:00:00]} Rg5+ {[%emt 0:00:00]} 53. Kh4 {[%emt 0:00:00]} Nf5+ {[%emt 0:00:00]} 54. Kh3 {[%emt 0:00:00]} Nxd6 {[%emt 0:00:00]} 0-1

[Event "49th Rilton Cup 2019-20"]
[Site "Stockholm"]
[Date "2019.12.29"]
[Round "3.24"]
[White "Dragicevic, Drazen"]
[Black "Alexakis, Dimitrios"]
[Result "1-0"]
[WhiteElo "2294"]
[BlackElo "2093"]
[Annotator "NA"]
[PlyCount "101"]
[EventDate "2019.12.27"]
[EventType "swiss"]
[EventCountry "SWE"]
[SourceTitle "playchess.com"]
[Source "ChessBase"]
[SourceQuality "1"]
[TimeControl "40/5400+30:1800+30"]

1. Nf3 Nf6 {[%emt 0:06:22]} 2. g3 {[%emt 0:00:00]} e6 {[%emt 0:00:12]} 3. Bg2 {[%emt 0:00:07]} d5 {[%emt 0:00:45]} 4. O-O {[%emt 0:01:11]} b5 {[%emt 0:06:03]} 5. b3 {[%emt 0:05:10]} Bb7 {[%emt 0:00:48]} 6. c4 {[%emt 0:08:02]} a6 {[%emt 0:14:58]} 7. Na3 {[%emt 0:18:46]} bxc4 {[%emt 0:09:42]} 8. bxc4 {[%emt 0:01:06]} Nbd7 {[%emt 0:00:15]} 9. d4 {[%emt 0:15:28]} Be7 {[%emt 0:03:23]} 10. Rb1 {[%emt 0:02:58]} Rb8 {[%emt 0:01:11]} 11. c5 {[%emt 0:05:36]} Bc6 {[%emt 0:02:13]} 12. Rxb8 {[%emt 0:01:10]} Qxb8 {[%emt 0:00:19]} 13. Bf4 {[%emt 0:03:39]} O-O {[%emt 0:02:43]} 14. Qd2 {[%emt 0:03:06]} Qa7 {[%emt 0:09:33]} 15. Qa5 {[%emt 0:03:28]} Rc8 {[%emt 0:01:25]} 16. Rb1 {[%emt 0:01:27]} Ne4 {[%emt 0:06:21]} 17. h4 {[%emt 0:05:48]} f6 {[%emt 0:24:28]} 18. Nc2 {[%emt 0:08:03]} Nb8 19. Bh3 {[%emt 0:01:34]} Kf7 {[%emt 0:06:14]} 20. Nb4 {[%emt 0:01:16]} Bd7 {[%emt 0:02:27]} 21. Rc1 {[%emt 0:05:51]} Qb7 {[%emt 0:00:35]} 22. Ne1 {[%emt 0:01:55]} g5 {[%emt 0:00:27]} 23. hxg5 {[%emt 0:00:19]} fxg5 {[%emt 0:00:31]} 24. Be3 {[%emt 0:00:48]} Nc6 {[%emt 0:00:27]} 25. Nxc6 {[%emt 0:00:10]} Bxc6 {[%emt 0:00:03]} 26. Nd3 {[%emt 0:00:46]} Bf6 {[%emt 0:00:00]} 27. Bg4 {[%emt 0:00:59]} Kg6 {[%emt 0:00:42]} 28. Qe1 {[%emt 0:02:25]} h5 {[%emt 0:00:16]} 29. Rb1 {[%emt 0:01:17]} Qa8 {[%emt 0:00:31]} 30. Bh3 {[%emt 0:00:50]} h4 {[%emt 0:00:39]} 31. gxh4 {[%emt 0:00:53]} Rh8 {[%emt 0:00:03]} 32. f3 {[%emt 0:00:39]} Rxh4 {[%emt 0:00:04]} 33. Bg2 {[%emt 0:00:21]} Qh8 {[%emt 0:01:22]} 34. fxe4 {[%emt 0:00:35]} dxe4 {[%emt 0:00:04]} 35. Ne5+ {[%emt 0:00:47]} Bxe5 {[%emt 0:00:03]} 36. dxe5 {[%emt 0:00:04]} Qxe5 {[%emt 0:00:11]} 37. Qf2 {[%emt 0:00:49]} Rh7 {[%emt 0:02:36]} 38. Rb8 {[%emt 0:00:25]} Rd7 {[%emt 0:00:26]} 39. Bh3 {[%emt 0:00:52]} Rd1+ {[%emt 0:00:36]} 40. Kg2 {[%emt 0:00:37]} Qf4 {[%emt 0:00:29]} 41. Bxf4 {[%emt 0:03:14]} e3+ {[%emt 0:00:00]} 42. Qf3 {[%emt 0:00:10]} Bxf3+ {[%emt 0:00:14]} 43. Kxf3 {[%emt 0:00:07]} gxf4 {[%emt 0:00:09]} 44. Kxf4 {[%emt 0:00:20]} Rd2 {[%emt 0:00:08]} 45. Kxe3 {[%emt 0:00:30]} Rxa2 {[%emt 0:00:03]} 46. Bg2 {[%emt 0:02:00]} Ra5 {[%emt 0:02:11]} 47. c6 {[%emt 0:00:28]} Kf5 {[%emt 0:00:13]} 48. Rb7 {[%emt 0:00:33]} Ra3+ {[%emt 0:00:16]} 49. Kf2 {[%emt 0:00:23]} e5 {[%emt 0:00:09]} 50. Rxc7 {[%emt 0:00:28]} e4 {[%emt 0:00:01]} 51. Re7 {[%emt 0:00:34]} 1-0

[Event "49th Rilton Cup 2019-20"]
[Site "Stockholm"]
[Date "2019.12.30"]
[Round "4.1"]
[White "Kucuksari, Kaan"]
[Black "Urkedal, Frode Olav Olsen"]
[Result "0-1"]
[WhiteElo "2337"]
[BlackElo "2545"]
[Annotator "TA"]
[PlyCount "60"]
[EventDate "2019.12.27"]
[EventType "swiss"]
[EventCountry "SWE"]
[SourceTitle "playchess.com"]
[Source "ChessBase"]
[SourceQuality "1"]

{[%evp 14,60,-4,-8,-2,-43,-27,-25,0,-101,-93,-93,0,0,31,22,31,22,31,-115,-102,-118,-113,-197,-206,-227,-212,-202,-208,-239,-214,-214,-211,-207,-184,-210,-196,-446,-265,-337,-343,-341,-338,-389,-390,-391,-391,-672,-619]} 1. d4 Nf6 2. Nf3 d5 3. c4 c6 4. Qb3 e6 5. Bg5 Nbd7 6. e3 Qa5+ 7. Nc3 Ne4 8. Bf4 {[#]} g5 $1 {[%mdl 512] D52: Queen's Gambit Declined: Cambridge Springs Variation} 9. Bg3 (9. Nxg5 Nxg5) 9... h5 $1 {[%cal Rh5h4] Hoping for ...h4.} 10. h4 (10. h3 Bg7 11. Bh2 g4 12. Nd2 Nxd2 13. Kxd2 b5 14. cxd5 exd5 15. hxg4 Nb6 16. gxh5 {1-0 (60) Miron,L (2513)-Ivanisevic,I (2636) Podgorica 2011}) 10... g4 {Black has an edge.} 11. Nd2 (11. Ng5 $1 $11) 11... Nxg3 $17 12. fxg3 Bd6 (12... Bh6 $17 13. cxd5 exd5) 13. O-O-O $146 ({Predecessor:} 13. Ne2 dxc4 14. Qxc4 Nf6 15. O-O-O e5 16. dxe5 {0-1 (40) Shorokhov,A (2037)-Babikov,I (2325) Moscow 2012}) 13... b5 14. cxd5 exd5 15. e4 b4 ({But not} 15... Bxg3 $6 16. exd5 Bb7 17. Nce4 $16) 16. Na4 {[#]} (16. Ne2 $1 $14 {was the only good move.}) 16... Nb6 $1 $36 {[%mdl 2048] Black is in control.} 17. Nxb6 axb6 18. exd5 (18. Kb1 $17 {keeps fighting.}) 18... cxd5 $19 19. Bd3 Qxa2 ({Less strong is} 19... Bxg3 20. Rdf1 $15) 20. Qxa2 Rxa2 21. Rde1+ Be6 22. Kb1 Ra7 23. Re3 Re7 24. Rhe1 Kd8 25. Bb5 $2 {[#]} (25. Kc2) 25... Bf5+ (25... Bxg3 $142 $1 {[%mdl 512]} 26. Rxg3 Bf5+ {[%mdl 64] Discovered Attack} 27. Ne4 Bxe4+ 28. Kc1 Rc7+ 29. Kd1 f5) 26. Ka2 Rxe3 27. Rxe3 Rh6 28. Bc6 Re6 29. Nf1 Be4 30. Re2 $2 {[#]} (30. Bb5) 30... Bd3 {Played: Be4-b1} 0-1

[Event "49th Rilton Cup 2019-20"]
[Site "Stockholm"]
[Date "2019.12.30"]
[Round "4.2"]
[White "Moradiabadi, Elshan"]
[Black "Hillarp Persson, Tiger"]
[Result "1-0"]
[WhiteElo "2539"]
[BlackElo "2537"]
[Annotator "ChessBase"]
[PlyCount "120"]
[EventDate "2019.12.27"]
[EventType "swiss"]
[EventCountry "SWE"]
[SourceTitle "playchess.com"]
[Source "ChessBase"]
[SourceQuality "1"]
[TimeControl "40/5400+30:1800+30"]

1. e4 {[%emt 0:01:00]} g6 {[%emt 0:00:00]} 2. d4 {[%emt 0:00:37]} Bg7 {[%emt 0:00:01]} 3. Nf3 {[%emt 0:00:02]} d6 {[%emt 0:00:12]} 4. Nbd2 {[%emt 0:00:08]} Nf6 {[%emt 0:04:10]} 5. Bb5+ {[%emt 0:00:52]} c6 {[%emt 0:01:26]} 6. Bd3 {[%emt 0:00:01]} Qc7 {[%emt 0:07:39]} 7. O-O {[%emt 0:00:07]} Nbd7 {[%emt 0:00:17]} 8. Re1 {[%emt 0:03:26]} e5 {[%emt 0:00:36]} 9. c3 {[%emt 0:00:06]} O-O {[%emt 0:00:29]} 10. a4 {[%emt 0:03:57]} Re8 {[%emt 0:11:33]} 11. a5 {[%emt 0:07:10]} Rb8 {[%emt 0:02:05]} 12. Nf1 {[%emt 0:20:43]} b5 {[%emt 0:05:59]} 13. axb6 {[%emt 0:02:50]} axb6 {[%emt 0:00:39]} 14. Bg5 {[%emt 0:00:13]} h6 {[%emt 0:05:23]} 15. Bd2 {[%emt 0:01:35]} Nf8 {[%emt 0:08:53]} 16. h3 {[%emt 0:00:50]} Ne6 {[%emt 0:06:53]} 17. Ng3 {[%emt 0:01:51]} Nf4 {[%emt 0:03:38]} 18. Bxf4 {[%emt 0:03:04]} exf4 {[%emt 0:00:08]} 19. Nf1 {[%emt 0:00:02]} g5 {[%emt 0:12:01]} 20. N1d2 {[%emt 0:06:45]} Be6 {[%emt 0:01:51]} 21. Qc2 {[%emt 0:01:18]} Ra8 {[%emt 0:02:35]} 22. Rxa8 {[%emt 0:04:08]} Rxa8 {[%emt 0:00:07]} 23. Bc4 {[%emt 0:06:25]} d5 {[%emt 0:02:40]} 24. exd5 {[%emt 0:00:03]} Nxd5 {[%emt 0:00:17]} 25. Bd3 {[%emt 0:00:03]} Ne7 {[%emt 0:03:29]} 26. Qd1 {[%emt 0:07:31]} Rd8 {[%emt 0:07:49]} 27. Qe2 {[%emt 0:01:47]} c5 {[%emt 0:00:51]} 28. dxc5 {[%emt 0:00:22]} Qxc5 {[%emt 0:00:14]} 29. Bc2 {[%emt 0:02:25]} b5 {[%emt 0:06:16]} 30. Nb3 {[%emt 0:00:45]} Qc4 {[%emt 0:04:03]} 31. Nbd4 {[%emt 0:00:02]} Qxe2 {[%emt 0:01:31]} 32. Rxe2 {[%emt 0:00:02]} b4 {[%emt 0:00:23]} 33. Nxe6 {[%emt 0:01:30]} fxe6 {[%emt 0:00:09]} 34. cxb4 {[%emt 0:00:03]} Kf7 {[%emt 0:01:34]} 35. b5 {[%emt 0:05:16]} Nf5 {[%emt 0:00:46]} 36. Bb3 {[%emt 0:15:01]} Rd6 {[%emt 0:00:07]} 37. Ne5+ {[%emt 0:01:34]} Bxe5 {[%emt 0:00:07]} 38. Rxe5 {[%emt 0:00:01]} Kf6 {[%emt 0:00:58]} 39. Rc5 {[%emt 0:00:10]} Nd4 {[%emt 0:00:56]} 40. Bc4 {[%emt 0:00:09]} Rd8 {[%emt 0:00:31]} 41. Rc7 {[%emt 0:33:34]} Rd6 {[%emt 0:17:52]} 42. Rb7 {[%emt 0:00:00]} h5 {[%emt 0:05:05]} 43. b6 {[%emt 0:00:00]} g4 {[%emt 0:08:19]} 44. hxg4 {[%emt 0:00:00]} hxg4 {[%emt 0:00:07]} 45. Rb8 {[%emt 0:00:00]} Ke5 {[%emt 0:00:20]} 46. Kf1 {[%emt 0:00:00]} f3 {[%emt 0:00:23]} 47. gxf3 {[%emt 0:00:00]} gxf3 {[%emt 0:00:22]} 48. Kg1 {[%emt 0:00:00]} Ke4 {[%emt 0:01:09]} 49. b7 {[%emt 0:00:00]} Rb6 {[%emt 0:00:14]} 50. Bd5+ {[%emt 0:00:00]} Kd3 {[%emt 0:01:17]} 51. Rd8 {[%emt 0:00:06]} Ne2+ {[%emt 0:00:30]} 52. Kf1 {[%emt 0:00:30]} exd5 {[%emt 0:00:11]} 53. b8=Q {[%emt 0:00:03]} Rxb8 {[%emt 0:00:11]} 54. Rxb8 {[%emt 0:00:02]} d4 {[%emt 0:00:29]} 55. b4 {[%emt 0:01:55]} Kc4 {[%emt 0:01:11]} 56. b5 {[%emt 0:01:24]} Kc5 {[%emt 0:00:20]} 57. Ke1 {[%emt 0:00:44]} Nc3 {[%emt 0:00:07]} 58. b6 {[%emt 0:00:10]} Kc6 {[%emt 0:00:16]} 59. b7 {[%emt 0:02:39]} Nb5 {[%emt 0:00:26]} 60. Kd2 {[%emt 0:00:15]} Kc7 {[%emt 0:01:10]} 1-0

[Event "49th Rilton Cup 2019-20"]
[Site "Stockholm"]
[Date "2019.12.30"]
[Round "4.3"]
[White "Gagare, Shardul"]
[Black "Kollars, Dmitrij"]
[Result "1/2-1/2"]
[WhiteElo "2468"]
[BlackElo "2584"]
[Annotator "TA"]
[PlyCount "68"]
[EventDate "2019.12.27"]
[EventType "swiss"]
[EventCountry "SWE"]
[SourceTitle "playchess.com"]
[Source "ChessBase"]
[SourceQuality "1"]

{[%evp 11,68,9,28,13,17,16,8,0,0,-4,12,0,0,0,0,0,-6,-11,-3,-9,-23,-51,-9,-9,-9,-9,-14,-14,-11,-12,-13,-13,-13,-15,-14,-12,-12,-12,-15,-14,-12,-12,-13,-15,-19,-19,-16,-21,-21,-21,-21,-20,0,-5,-5,-5,0,0,0]} 1. e4 e5 2. Nf3 Nc6 3. Bc4 Nf6 4. d3 Bc5 5. c3 d6 6. h3 a6 7. Bb3 {C54: Giuoco Piano: 4 c3 Nf6, main lines with 5 d4 and 5 d3} h6 8. Nbd2 O-O 9. Nf1 Be6 10. Ng3 d5 (10... Bxb3 11. axb3 d5 12. O-O dxe4 13. dxe4 Qxd1 14. Rxd1 {1-0 (46) Ponomariov,R (2699)-Leko,P (2678) Biel 2017}) 11. Qe2 Re8 12. O-O Qd7 13. exd5 Bxd5 14. Bc2 $146 ({Predecessor:} 14. Ne4 Be7 15. Bc2 Be6 16. Ng3 {1-0 (55) Oratovsky,M (2485)-Polgar,S (2450) Matinhos 1994}) 14... b5 15. b4 Bd6 16. Ne4 {White wants to play Nxf6+.} Nxe4 17. dxe4 {The position is equal.} Bc4 18. Bd3 Bxb4 19. Bxc4 {[#] Threatens to win with Rd1.} Bxc3 20. Rd1 Nd4 21. Nxd4 exd4 22. Bb2 Bxb2 23. Qxb2 bxc4 24. Rxd4 {[%mdl 64] [#] Double Attack} Qc6 {Hoping for ...Rad8.} 25. Qc2 c3 26. Re1 Rad8 27. Rxd8 $1 Rxd8 $11 {[%mdl 4096] Endgame KQR-KQR} 28. Re3 Rd4 29. Qxc3 Qxc3 30. Rxc3 Rxe4 31. Rxc7 {KR-KR} Re1+ 32. Kh2 Re2 33. a3 $1 Rxf2 34. Rc6 a5 {Accuracy: White = 56%, Black = 70%.} 1/2-1/2

[Event "49th Rilton Cup 2019-20"]
[Site "Stockholm"]
[Date "2019.12.30"]
[Round "4.4"]
[White "Dhulipalla Bala Chandra Prasad"]
[Black "Thybo, Jesper Sondergaard"]
[Result "1/2-1/2"]
[WhiteElo "2414"]
[BlackElo "2576"]
[Annotator "TA"]
[PlyCount "60"]
[EventDate "2019.12.27"]
[EventType "swiss"]
[EventCountry "SWE"]
[SourceTitle "playchess.com"]
[Source "ChessBase"]
[SourceQuality "1"]

{[%evp 11,60,9,8,6,27,4,29,25,39,52,46,58,109,113,98,97,114,47,75,58,100,66,68,60,101,62,62,56,59,46,54,41,51,24,70,2,2,2,2,4,56,0,0,0,0,0,0,0,0,0,4]} 1. Nf3 d5 2. g3 Nf6 3. c4 c5 4. Bg2 Nc6 5. O-O e5 6. cxd5 Nxd5 7. e3 {A30: Symmetrical English: Double Fianchetto and Hedgehog} (7. Nc3 Nc7 8. d3 Be7 9. b3 O-O 10. Bb2 Be6 11. Rc1 f6 12. e3 Qd7 13. Qe2 Rfd8 14. Rfd1 Rac8 15. Ne4 Na6 16. Rd2 Kh8 17. Rcd1 Bg4 18. Qf1 f5 19. Nc3 Bf6 {0-1 (36) Iturrizaga Bonelli,E (2636)-Vidit,S (2711) chess.com INT 2018}) 7... Nb6 $146 ({Predecessor:} 7... Nc7 8. Nc3 Be7 9. Ne2 O-O 10. d4 f6 11. b3 cxd4 12. exd4 e4 13. Nd2 f5 14. Bb2 Bf6 {0-1 (31) Seinsoth,P (1455)-Schneider,E (1683) Willingen 2017}) 8. b3 Be7 9. Bb2 {White has an edge.} Bf6 {aiming for ...e4.} 10. Nc3 Bf5 11. d4 cxd4 (11... exd4 $14 12. exd4 O-O) 12. exd4 $16 exd4 13. Re1+ Kf8 {[#]} 14. Nb5 (14. Ne4 $1 $16) 14... d3 $1 $14 15. Qd2 ({Don't play} 15. Bxf6 Qxf6 16. Qd2 Be4 $11) 15... h6 16. Rad1 Kg8 17. Ne5 a6 18. Nxc6 bxc6 19. Bxf6 Qxf6 20. Nc7 Rd8 21. Qa5 {Ne8 is the strong threat.} c5 $1 22. Qxc5 Kh7 23. Qxf5+ ({Better is} 23. Re3 $14) 23... Qxf5 $11 24. Be4 {[#]} Qxe4 $1 {[%mdl 512]} 25. Rxe4 Nd5 (25... a5 $1 $11) 26. Nxd5 (26. Rc4 $1 $14) 26... Rxd5 {The position is equal.} 27. Rd2 Rc8 28. Rc4 Rxc4 29. bxc4 Rd4 30. c5 Kg6 {Accuracy: White = 53%, Black = 44%.} 1/2-1/2

[Event "49th Rilton Cup 2019-20"]
[Site "Stockholm"]
[Date "2019.12.30"]
[Round "4.5"]
[White "Pantzar, Milton"]
[Black "Kulaots, Kaido"]
[Result "1-0"]
[WhiteElo "2410"]
[BlackElo "2538"]
[Annotator "ChessBase"]
[PlyCount "55"]
[EventDate "2019.12.27"]
[EventType "swiss"]
[EventCountry "SWE"]
[SourceTitle "playchess.com"]
[Source "ChessBase"]
[SourceQuality "1"]
[TimeControl "40/5400+30:1800+30"]

1. d4 {[%emt 0:00:00]} Nf6 {[%emt 0:00:00]} 2. c4 {[%emt 0:00:00]} e6 {[%emt 0:00:00]} 3. Nf3 {[%emt 0:00:07]} d5 {[%emt 0:05:12]} 4. g3 {[%emt 0:00:18]} a6 {[%emt 0:02:57]} 5. Bg2 {[%emt 0:02:50]} dxc4 {[%emt 0:00:52]} 6. O-O {[%emt 0:00:46]} Nc6 {[%emt 0:02:56]} 7. e3 {[%emt 0:01:26]} Rb8 {[%emt 0:02:56]} 8. Nfd2 {[%emt 0:01:55]} e5 {[%emt 0:02:16]} 9. Bxc6+ {[%emt 0:01:09]} bxc6 {[%emt 0:00:05]} 10. dxe5 {[%emt 0:00:07]} Ng4 {[%emt 0:01:14]} 11. Nxc4 {[%emt 0:00:18]} Be6 {[%emt 0:09:00]} 12. Nbd2 {[%emt 0:01:57]} h5 {[%emt 0:06:02]} 13. f3 {[%emt 0:08:45]} Qd3 {[%emt 0:19:34]} 14. fxg4 {[%emt 0:06:25]} hxg4 {[%emt 0:00:13]} 15. b3 {[%emt 0:16:18]} Bc5 {[%emt 0:07:12]} 16. Qe1 {[%emt 0:08:22]} Bd5 {[%emt 0:23:21]} 17. Rf2 {[%emt 0:07:18]} Rh3 {[%emt 0:07:34]} 18. Qe2 {[%emt 0:12:18]} Qg6 {[%emt 0:00:09]} 19. Bb2 {[%emt 0:04:11]} Ke7 {[%emt 0:05:49]} 20. Bd4 {[%emt 0:02:31]} Bxd4 {[%emt 0:00:34]} 21. exd4 {[%emt 0:00:11]} Rbh8 {[%emt 0:00:05]} 22. Nf1 {[%emt 0:00:55]} c5 {[%emt 0:00:16]} 23. Nce3 {[%emt 0:04:09]} Bf3 {[%emt 0:00:35]} 24. Qc2 {[%emt 0:03:08]} Qxc2 {[%emt 0:01:14]} 25. Nxc2 {[%emt 0:00:09]} Rd8 {[%emt 0:00:24]} 26. dxc5 {[%emt 0:01:05]} Rd5 {[%emt 0:00:04]} 27. Re1 {[%emt 0:00:43]} Rxc5 {[%emt 0:00:07]} 28. Nd4 {[%emt 0:00:10]} 1-0

[Event "49th Rilton Cup 2019-20"]
[Site "Stockholm"]
[Date "2019.12.30"]
[Round "4.6"]
[White "Blomqvist, Erik"]
[Black "Mikalsen, Erlend"]
[Result "1/2-1/2"]
[WhiteElo "2537"]
[BlackElo "2361"]
[Annotator "ChessBase"]
[PlyCount "138"]
[EventDate "2019.12.27"]
[EventType "swiss"]
[EventCountry "SWE"]
[SourceTitle "playchess.com"]
[Source "ChessBase"]
[SourceQuality "1"]
[TimeControl "40/5400+30:1800+30"]

1. e4 {[%emt 0:00:00]} c5 {[%emt 0:00:00]} 2. Nf3 {[%emt 0:00:00]} d6 {[%emt 0:00:59]} 3. Bb5+ {[%emt 0:00:13]} Nd7 {[%emt 0:00:06]} 4. d4 {[%emt 0:00:54]} cxd4 {[%emt 0:00:07]} 5. Qxd4 {[%emt 0:00:05]} a6 {[%emt 0:00:08]} 6. Bxd7+ {[%emt 0:00:06]} Bxd7 {[%emt 0:00:04]} 7. Nc3 {[%emt 0:00:11]} e5 {[%emt 0:00:58]} 8. Qd3 {[%emt 0:00:19]} h6 {[%emt 0:00:28]} 9. O-O {[%emt 0:00:43]} Nf6 {[%emt 0:00:34]} 10. Nd2 {[%emt 0:00:38]} Rc8 {[%emt 0:01:29]} 11. Nc4 {[%emt 0:01:53]} Be6 {[%emt 0:00:47]} 12. Ne3 {[%emt 0:00:13]} Be7 {[%emt 0:00:46]} 13. a4 {[%emt 0:01:37]} O-O {[%emt 0:00:55]} 14. Rd1 {[%emt 0:00:20]} Qc7 {[%emt 0:09:03]} 15. Bd2 {[%emt 0:02:18]} Rfd8 {[%emt 0:09:12]} 16. Be1 {[%emt 0:03:00]} Rd7 {[%emt 0:14:58]} 17. a5 {[%emt 0:02:53]} Rcd8 {[%emt 0:13:13]} 18. Ncd5 {[%emt 0:27:12]} Bxd5 {[%emt 0:00:24]} 19. exd5 {[%emt 0:00:09]} Nh5 {[%emt 0:04:50]} 20. c4 {[%emt 0:02:47]} Bg5 {[%emt 0:10:26]} 21. b4 {[%emt 0:05:26]} Re8 {[%emt 0:04:16]} 22. g3 {[%emt 0:16:38]} e4 {[%emt 0:04:03]} 23. Qe2 {[%emt 0:00:21]} Bxe3 {[%emt 0:02:53]} 24. fxe3 {[%emt 0:00:05]} Nf6 {[%emt 0:00:17]} 25. g4 {[%emt 0:01:51]} Qc8 {[%emt 0:02:30]} 26. Bg3 {[%emt 0:05:16]} Rdd8 {[%emt 0:00:49]} 27. h3 {[%emt 0:04:14]} Nh7 {[%emt 0:00:17]} 28. Rac1 {[%emt 0:02:26]} Ng5 {[%emt 0:00:38]} 29. Kg2 {[%emt 0:00:30]} Nf3 {[%emt 0:06:33]} 30. c5 {[%emt 0:00:57]} dxc5 {[%emt 0:00:03]} 31. Rxc5 {[%emt 0:01:47]} Qd7 {[%emt 0:02:01]} 32. d6 {[%emt 0:04:22]} Qa4 {[%emt 0:01:39]} 33. Qc2 {[%emt 0:03:04]} Qxb4 {[%emt 0:07:44]} 34. d7 {[%emt 0:00:24]} Rf8 {[%emt 0:00:04]} 35. Rc8 {[%emt 0:08:13]} Qb5 {[%emt 0:01:23]} 36. Rc5 {[%emt 0:03:41]} Qb4 {[%emt 0:00:26]} 37. Rcd5 {[%emt 0:00:32]} Qa3 {[%emt 0:01:23]} 38. Qxe4 {[%emt 0:00:42]} Ng5 {[%emt 0:00:24]} 39. Qd3 {[%emt 0:00:48]} Qb2+ {[%emt 0:01:56]} 40. Rd2 {[%emt 0:01:16]} Qf6 {[%emt 0:00:08]} 41. e4 {[%emt 0:04:30]} Ne6 {[%emt 0:13:04]} 42. Qf3 {[%emt 0:01:46]} Qxf3+ {[%emt 0:01:43]} 43. Kxf3 {[%emt 0:00:14]} f6 {[%emt 0:00:10]} 44. Bf2 {[%emt 0:13:04]} Ng5+ {[%emt 0:00:45]} 45. Ke3 {[%emt 0:00:04]} Rf7 {[%emt 0:01:08]} 46. Bh4 {[%emt 0:13:32]} Ne6 {[%emt 0:05:47]} 47. e5 {[%emt 0:00:05]} Nf8 {[%emt 0:05:33]} 48. exf6 {[%emt 0:01:48]} g5 {[%emt 0:00:37]} 49. Bg3 {[%emt 0:00:36]} Rdxd7 {[%emt 0:00:13]} 50. h4 {[%emt 0:00:45]} gxh4 {[%emt 0:02:38]} 51. Bxh4 {[%emt 0:00:03]} Rxd5 {[%emt 0:00:05]} 52. Rxd5 {[%emt 0:00:05]} Ng6 {[%emt 0:00:04]} 53. Rd8+ {[%emt 0:01:05]} Rf8 {[%emt 0:01:20]} 54. Rxf8+ {[%emt 0:00:05]} Kxf8 {[%emt 0:00:02]} 55. Be1 {[%emt 0:00:44]} Ne5 {[%emt 0:00:10]} 56. Ke4 {[%emt 0:00:18]} Nxg4 {[%emt 0:00:07]} 57. Kf5 {[%emt 0:00:11]} h5 {[%emt 0:02:23]} 58. Ke6 {[%emt 0:01:12]} Nh6 {[%emt 0:00:46]} 59. Kd7 {[%emt 0:00:26]} Ng4 {[%emt 0:02:59]} 60. Kc7 {[%emt 0:00:42]} Nxf6 {[%emt 0:00:04]} 61. Kxb7 {[%emt 0:00:08]} Ke8 {[%emt 0:01:11]} 62. Kxa6 {[%emt 0:00:05]} Kd7 {[%emt 0:00:12]} 63. Kb7 {[%emt 0:00:16]} Ne4 {[%emt 0:00:37]} 64. Kb8 {[%emt 0:01:22]} Nc5 {[%emt 0:00:44]} 65. Bf2 {[%emt 0:00:08]} Kc6 {[%emt 0:00:22]} 66. Bxc5 {[%emt 0:00:16]} Kb5 {[%emt 0:00:06]} 67. Bb6 {[%emt 0:01:15]} Ka6 {[%emt 0:00:11]} 68. Bd8 {[%emt 0:00:22]} h4 {[%emt 0:00:03]} 69. Bxh4 {[%emt 0:00:03]} Kxa5 1/2-1/2